Nighmare abbey: Crotched castle

में बचाया:
ग्रंथसूची विवरण
मुख्य लेखक: Peacock, Thomas Love
स्वरूप: पुस्तक
भाषा:Undetermined
प्रकाशित: Inglaterra Penguin Books 1986
विषय:
टैग: टैग जोड़ें
कोई टैग नहीं, इस रिकॉर्ड को टैग करने वाले पहले व्यक्ति बनें!

MARC

LEADER 00000nam a2200000Ia 4500
008 170316s9999 xx 000 0 und d
040 |a cru BVZT 
090 |a 820 P-2.1n 
100 |a Peacock, Thomas Love 
245 |a Nighmare abbey: Crotched castle 
260 |a Inglaterra 
260 |b Penguin Books 
260 |c 1986 
300 |a 283 páginas 
650 |a LITERATURA INGLESA 
999 |c 7045  |d 7045 
942 |c 15 D  |h 820 P-2.1n  |2 z